| 000 | 00744cam a2200265 4500 | ||
|---|---|---|---|
| 008 | 000000n2000 000 0 eng u | ||
| 020 | _a0863421199 | ||
| 035 | _a(Sirsi) u110097 | ||
| 050 | _a711.520945 | ||
| 100 | _aCapello, Robert | ||
| 245 | 4 | _aThe determinants of innovation in cities: Dynamic urbanisation economics vs. milieu economies in the metropolitan area of Milan. | |
| 260 |
_aOxford _bOxford Brookes University _c2000 |
||
| 300 | _a30p. ; 30cm. | ||
| 350 | _a8.00 | ||
| 490 |
_aWorking Paper _vNo.186 |
||
| 650 | _aITALY | ||
| 650 | _aMILAN | ||
| 650 | _aECONOMIC GROWTH | ||
| 650 | _aECONOMY | ||
| 650 | _aEUROPE | ||
| 650 | _aINDUSTRY | ||
| 650 | _aURBANISATION | ||
| 690 | _aECONOMIC ISSUES | ||
| 942 | _n0 | ||
| 999 |
_c101048 _d101048 |
||